| 000 | 00807nam a22001577a 4500 | ||
|---|---|---|---|
| 003 | OSt | ||
| 005 | 20150919095205.0 | ||
| 008 | 150919b xxu||||| |||| 00| 0 eng d | ||
| 040 | _cRUA | ||
| 082 | _aAGR LIM 2004 B030 Or.1 | ||
| 100 |
_9827 _aLIM, VANNDY. |
||
| 245 | _aeffect of organic fertilizers on yield for senpidao rice on experiment station of royal university of agriculture (ប្រសិទ្ធិភាពនៃប្រភេទជីសរីរាង្គផ្សេងៗគ្នាទៅលើទិន្នផលពូជស្រូវសែនពិដោរ នៅស្តានីយ៍ពិសោធន៍សាកលវិទ្យល័យភូមិន្ទកសិកម្ម) | ||
| 260 |
_aPhnom Penh _bRUA _c2004 |
||
| 300 |
_a53p. _bill. _c29cm. |
||
| 942 |
_2ddc _cAGR |
||
| 999 |
_c797 _d797 |
||